Fakty dotyczące Hong Kongu - Statystyki

Ogólne statystyki
  • Ten quiz został rozwiązany 33 razy
  • Średni wynik to 8 z 20
Statystyki odpowiedzi
Wskazówka Odpowiedź % Poprawnych
Przed 1842 Hong Kong był częścią tego państwa Chiny
96%
Pobliska wyspa, które byłodawną kolonią Portugalii Makau
75%
Został wtedy wydzierżawiony przez państwo Wielka Brytania
75%
Najczęściej używany dialekt Kantoński
68%
Państwo, które okupowało Hong Kong w latach 1941-1945 Japonia
64%
Morze graniczące Morze Południowochińskie
57%
Waluta Dolar Hongkongu
50%
Potrwało to do tego roku 1997
46%
Artysta sztuk walki, który w tajemniczy sposób zmarł w 1973 roku Bruce Lee
46%
Do tej wojny Pierwsza wojna opiumowa
32%
Artysta sztuk walki znany z „Godziny największego ruchu” Jackie Chan
25%
Słynny punkt widokowy Wzgórze {Wiktorii}
25%
Największe wyspy Hong Kong
21%
Rzadka choroba, która zabiła 299 osób na początku 2000 roku SARS
21%
Pobliska delta rzeki Delta Rzeki Perłowej
14%
Najludniejszy półwysep Kowloon
14%
Największe wyspy Lantau
14%
Główne miasto, z którym Hong Kong graniczy od północy Shenzhen
14%
Styl jedzenia z daniami wielkości kęsa, wieziony w wozach Dim Sum
7%
Popularna gra rozgrywana na 144 kafelkach Madżong
4%
Nie znaleziono quizów pasujących do podanych kryteriów
Rozkład punktacji
Procent ludzi z każdym wynikiem
Percentyl według liczby udzielonych odpowiedzi
Twoja historia wyników
Nie rozwiązałeś tego quizu